| 000 | 01087nam a2200313 i 4500 | ||
|---|---|---|---|
| 001 | 16794 | ||
| 003 | DO-SdUEMH | ||
| 005 | 20260209204023.0 | ||
| 007 | ta | ||
| 008 | 211105s2008||||xx a|||gr|||| 0|| | spa d | ||
| 020 | _a9789275128411 | ||
| 040 |
_aDO-SdUEMH _bspa _erda |
||
| 041 | _aspa | ||
| 082 | 1 | 4 |
_a362.19892 O686ES _mCG |
| 084 | _b12-00078 | ||
| 110 | _aOrganización Panamericana de la Salud OPS | ||
| 245 | 0 |
_aEsquemas de Protección social para la población materna neonatal e infantil: _blecciones aprendidas de la Región de América Latina |
|
| 260 | _c2008 | ||
| 264 | 1 |
_aWashington, Estados Unidos : _c2008 |
|
| 264 | 4 | _c©2008 | |
| 300 |
_a167 páginas : _bilustraciones ; _c24 cm. |
||
| 336 |
_2rdacontent _atexto _btxt |
||
| 337 |
_2rdamedia _asin mediación _bn |
||
| 338 |
_2rdacarrier _avolumen _bnc |
||
| 504 | _aContiene Información Bibliográfica a Final de la Obra. | ||
| 505 | _aAntecedentes – Marco conceptual – Marco analítico – Estudios de caso – Resultados – Discusión y lesiones aprendidas. | ||
| 942 |
_2ddc _cBK _n0 |
||
| 999 |
_c16794 _d16794 |
||